000
00269nam a2200109Ia 4500
008
220204s9999 xx 000 0 und d
082
_a
82-3
_b
SAN
100
_a
Sanders, Lawrence
245
4
_a
The Seduction of Peter S
260
_a
Great Britain
_b
Cox
_c
1983
942
_c
BK
999
_c
38751
_d
38751